000 00917na a2200253 4500
001 16665
003 MIRAKIL
005 20181213154906.0
008 161013b tu 000 0
035 _a16665
040 _aMilas
_btur
_cTR-AnCHP
041 _atur
082 _a915.62221404
_bK29k 2012
090 _a915.62221404 K29k 2012
111 _aKazdağları Ulusal Çalıştayı
_cBalıkesir
_d2012
245 _aKazdağları Ulusal Çalıştayı
_b2-3 Haziran 2012 Güre-Edremit-Balıkesir
_cKaz Dağı ve Madra Dağı Belediyeler Birliği (KAZMAD)
260 _aBalıkesir
_bKaz Dağı ve Madra Dağı Belediyeler Birliği (KAZMAD)
_c2012
300 _a272 s.
_btbl. ; grf. ; res. ; hrt.
_c24 sm.
651 _aKazdağları
_xGezi ve tanıtım
651 _aKazdağları
_zEdremit (Balıkesir)
651 _aEdremit (Balıkesir)
_xToplantılar
651 _aKazdağları
_xToplantılar
942 _2ddc
_cBKS
999 _c2681
_d2681